Literatura universal : taller : historia, análisis y ejercicios /

Libro de texto para servir de apoyo en un curso-taller de literatura universal de educación media superior, que presenta un recorrido histórico hasta fines del siglo XX y herramientas de apreciación literaria, organizados en dos volúmenes y 16 unidades: Volumen I: 1) El arte y la obra literaria; 2)...

Повний опис

Збережено в:
Бібліографічні деталі
Автор: Chávez Calderón, Pedro (autor)
Інші автори: Oseguera Mejía, Eva Lydia (autor) (autor)
Формат: Книга
Мова:Іспанська
Опубліковано: México : Publicaciones Cultural, c1992-1993
Редагування:2a edición
Предмети:
Теги: Додати тег
Немає тегів, Будьте першим, хто поставить тег для цього запису!

MARC

LEADER 00000nam^a2200000^a^4500
001 000271958
005 20250521000000.0
008 080208 19921993
009 20260310111044.923
020 |a 968-439-629-5 
020 |a 968-439-630-9 
025 |a Donación sin dato, 2 volúmenes (1 ejemplar de cada uno) 
037 |a Acervo ITESO - Biblioteca 
041 |a ESP 
082 |a 809. 001  |b CHA 
100 |a Chávez Calderón, Pedro  |e (autor) 
245 1 0 |a Literatura universal :  |b taller : historia, análisis y ejercicios /  |c P. Chávez Calderón, E.L. Oseguera Mejía. 
250 |a 2a edición 
264 4 |a México :  |b Publicaciones Cultural,  |c c1992-1993 
300 |a 2 v. (336, 317 p.) 
336 |a texto  |b txt  |2 rdacontenido 
337 |a sin mediación  |b n  |2 rdamedio 
338 |a volumen  |b nc  |2 rdasoporte 
520 |a Libro de texto para servir de apoyo en un curso-taller de literatura universal de educación media superior, que presenta un recorrido histórico hasta fines del siglo XX y herramientas de apreciación literaria, organizados en dos volúmenes y 16 unidades: Volumen I: 1) El arte y la obra literaria; 2) Literatura india; 3) Literatura hebrea; 4) Literatura griega; 5) Literatura latina; 6) Literatura medieval; 7) Literatura del Renacimiento; 8) Literatura prehispánica; 9) Literatura del barroco y 10) Analítica literaria. Volumen II: 1) El neoclasicismo; 2) El romanticismo; 3) Realismo y naturalismo; 4) Modernismo y Generación del 98; 5) Vanguardismo y 6) Literatura actual. 
649 |a XX 
650 |a Recepción y Apreciación del Arte 
650 |a Literatura -  |x Historia y Crítica -  |x Tema Principal 
700 |a Oseguera Mejía, Eva Lydia  |e (autor) 
910 |a Fondo General 
920 |a Impresos - Libros 
930 |a Colección General 
940 |a Literatura 
905 |a 101 
901 |a 0500157569  |b IT1  |c LIT  |u 20250521 
901 |a 0500157566  |b IT1  |c LIT  |u 20250521 
902 |a https://opac.biblio.iteso.mx/vufind/Record/000271958